[Event "Pan American-ch Hybrid U14 Girls 31st"]
[Site "Tornelo INT"]
[Date "2021.09.04"]
[Round "9"]
[White "Hernandez, Sofia"]
[Black "Kaur, Aradh"]
[Result "1-0"]
[WhiteElo "1459"]
[BlackElo "1479"]
[PlyCount "109"]
[EventDate "2021.09.04"]
[EventType "swiss"]
[EventRounds "9"]
[EventCountry "NET"]
[SourceTitle "EXT 2023"]
[Source "ChessBase"]
[SourceDate "2022.10.05"]
[SourceVersion "1"]
[SourceVersionDate "2022.10.05"]
[SourceQuality "1"]

1. e4 e5 2. Nf3 Nc6 3. Bc4 Bc5 4. c3 Nf6 5. Qe2 d6 6. Bb3 0-0 7. 0-0 Re8 8. d3 h6 9. Rd1 Bg4 10. h3 Bh5 11. Bc2 Qd7 12. b4 Bb6 13. Be3 Bxe3 14. Qxe3 Ne7 15. Nbd2 Ng6 16. Nf1 d5 17. N1h2 d4 18. Qd2 Nf4 19. cxd4 Nxh3+ 20. gxh3 Qxh3 21. Nxe5 Ng4 22. Nexg4 Bxg4 23. Re1 Bf3 24. Nxf3 Re6 25. Re3 Rg6+ 26. Ng5 Rxg5+ 27. Rg3 Rxg3+ 28. fxg3 Qxg3+ 29. Qg2 Qe3+ 30. Qf2 Qg5+ 31. Kf1 Rd8 32. Bb3 Qg6 33. Ke2 Rd6 34. e5 Qh5+ 35. Kd2 Rc6 36. Rg1 g5 37. Rf1 Kg7 38. Qxf7+ Qxf7 39. Rxf7+ Kg6 40. e6 Rxe6 41. Bxe6 h5 42. Rxc7 g4 43. d5 g3 44. Bh3 h4 45. d6 Kf6 46. Re7 b6 47. Re4 a5 48. d7 g2 49. Bxg2 h3 50. Bxh3 axb4 51. d8Q+ Kf7 52. Qe8+ Kg7 53. Re6 b3 54. Rg6+ Kh7 55. Qg8# 1-0

[Event "Pan American-ch Hybrid U14 Girls 31st"]
[Site "Tornelo INT"]
[Date "2021.09.04"]
[Round "4"]
[White "Kaur, Aradh"]
[Black "Santos, Thauanny Rodrigues"]
[Result "1-0"]
[WhiteElo "1479"]
[BlackElo "1261"]
[PlyCount "71"]
[EventDate "2021.09.04"]
[EventType "swiss"]
[EventRounds "9"]
[EventCountry "NET"]
[SourceTitle "EXT 2023"]
[Source "ChessBase"]
[SourceDate "2022.10.05"]
[SourceVersion "1"]
[SourceVersionDate "2022.10.05"]
[SourceQuality "1"]

1. e4 e6 2. d4 d5 3. Nd2 Nf6 4. e5 Nfd7 5. f4 c5 6. c3 Nc6 7. Ndf3 Qb6 8. a3 cxd4 9. cxd4 Be7 10. h4 f6 11. Bd3 f5 12. Ne2 Nf8 13. Kf2 Bd7 14. Be3 0-0-0 15. b4 Kb8 16. Nc3 Rc8 17. Na4 Qd8 18. Nc5 b6 19. Nb3 Kb7 20. b5 Na5 21. Nxa5+ bxa5 22. Bd2 Qb6 23. Qa4 Bd8 24. Ng5 Be8 25. Rhc1 Rg8 26. Rxc8 Kxc8 27. Rc1+ Kb8 28. Nf3 h6 29. Bc3 Bd7 30. Nd2 Bxh4+ 31. g3 Bd8 32. Nb3 a6 33. Bxa5 axb5 34. Qb4 Qb7 35. Bxd8 Nh7 36. Qd6+ 1-0

[Event "US op 121st"]
[Site "Cherry Hill"]
[Date "2021.07.31"]
[Round "1"]
[White "Bruzon Batista, Lazaro"]
[Black "Kaur, Aradh"]
[Result "1-0"]
[WhiteElo "2645"]
[BlackElo "1436"]
[PlyCount "51"]
[EventDate "2021.07.31"]
[EventType "swiss"]
[EventRounds "9"]
[EventCountry "USA"]
[SourceTitle "CBM 203 Extra"]
[Source "ChessBase"]
[SourceDate "2021.09.30"]
[SourceVersion "1"]
[SourceVersionDate "2021.09.30"]
[SourceQuality "1"]

1. e4 e5 2. Nf3 Nc6 3. Bb5 a6 4. Ba4 Nf6 5. 0-0 Be7 6. Bxc6 bxc6 7. Re1 d6 8. d4 exd4 9. Nxd4 Bb7 10. Nf5 0-0 11. Bg5 Re8 12. Qf3 Bc8 13. Nxe7+ Qxe7 14. Nc3 Qe5 15. Bf4 Qe7 16. e5 Bb7 17. Re3 dxe5 18. Bxe5 Rad8 19. Rae1 Qd7 20. Bxf6 Rxe3 21. fxe3 gxf6 22. Ne4 Qe7 23. Nxf6+ Kh8 24. Qf5 Kg7 25. Qg5+ Kh8 26. Qh6 1-0

[Event "Seattle Seafair op"]
[Site "Chess.com INT"]
[Date "2020.07.18"]
[Round "?"]
[White "Jiang, Brandon"]
[Black "Kaur, Aradh"]
[Result "1-0"]
[WhiteElo "1954"]
[BlackElo "1338"]
[PlyCount "101"]
[EventDate "2020.07.18"]
[EventType "swiss"]
[EventRounds "5"]
[EventCountry "NET"]
[SourceTitle "EXT 2023"]
[Source "ChessBase"]
[SourceDate "2022.10.05"]
[SourceVersion "1"]
[SourceVersionDate "2022.10.05"]
[SourceQuality "1"]

1. e4 e5 2. Nf3 Nc6 3. Bc4 Be7 4. d3 Nf6 5. c3 0-0 6. Bb3 d6 7. h3 Be6 8. Nbd2 Qd7 9. Nf1 Bxb3 10. axb3 d5 11. Qe2 dxe4 12. dxe4 Bc5 13. Ng3 Rad8 14. 0-0 a6 15. b4 Ba7 16. b5 axb5 17. Qxb5 Rfe8 18. Qxb7 Bb6 19. Qa6 Qd3 20. Bg5 Qxa6 21. Rxa6 Rd6 22. Raa1 h6 23. Bxf6 Rxf6 24. Rad1 Rg6 25. Nf5 Rge6 26. Rd5 Ne7 27. Nxe7+ R6xe7 28. Rfd1 f6 29. Nh4 Rf7 30. c4 Bd4 31. b4 Bc3 32. b5 Ba5 33. Nf5 Bb6 34. c5 Ba7 35. Rd7 Bb8 36. Rxf7 Kxf7 37. Rd7+ Kf8 38. Nxg7 Rc8 39. Ne6+ Ke8 40. Rh7 c6 41. b6 h5 42. b7 Rd8 43. Rh8+ Ke7 44. Rxd8 Kxe6 45. Rxb8 Kd7 46. Rh8 h4 47. b8Q Ke7 48. Qd6+ Kf7 49. Qd7+ Kg6 50. Qh7+ Kg5 51. Qf5# 1-0